The Caucasus and Central Asia : Transitioning to Emerging Markets.

The countries in the Caucasus and Central Asia (CCA) have recorded significant macroeconomic achievements since independence. These countries have grown more rapidly--on average by 7 percent over 1996-2011--than those in many other regions of the world and poverty has declined. Inflation has come do...

ver descrição completa

Detalhes bibliográficos
Autor Corporativo: International Monetary Fund. Middle East and Central Asia Dept
Formato: Periódico
Idioma:English
Publicado em: Washington, D.C. : International Monetary Fund, 2014.
Colecção:Departmental Papers; Departmental Paper ; No. 2014/003
Assuntos:
Acesso em linha:Full text available on IMF
LEADER 01960cas a2200253 a 4500
001 AALejournalIMF014314
008 230101c9999 xx r poo 0 0eng d
020 |c 20.00 USD 
020 |z 9781484305140 
022 |a 2616-5333 
040 |a BD-DhAAL  |c BD-DhAAL 
110 2 |a International Monetary Fund.  |b Middle East and Central Asia Dept. 
245 1 4 |a The Caucasus and Central Asia :   |b Transitioning to Emerging Markets. 
264 1 |a Washington, D.C. :  |b International Monetary Fund,  |c 2014. 
300 |a 1 online resource (87 pages) 
490 1 |a Departmental Papers 
500 |a <strong>Off-Campus Access:</strong> No User ID or Password Required 
500 |a <strong>On-Campus Access:</strong> No User ID or Password Required 
506 |a Electronic access restricted to authorized BRAC University faculty, staff and students 
520 3 |a The countries in the Caucasus and Central Asia (CCA) have recorded significant macroeconomic achievements since independence. These countries have grown more rapidly--on average by 7 percent over 1996-2011--than those in many other regions of the world and poverty has declined. Inflation has come down sharply from high rates in the 1990s and interest rates have fallen. Financial sectors have deepened somewhat, as evidenced by higher deposits and lending. Fiscal policies were broadly successful in building buffers prior to the global crisis and those buffers were used effectively by many CCA countries to support growth and protect the most vulnerable as the crisis washed across the region. CCA oil and gas exporters have achieved significant improvements in living standards with the use of their energy wealth. 
538 |a Mode of access: Internet 
650 7 |a Financial Institutions and Services  |2 imf 
830 0 |a Departmental Papers; Departmental Paper ;  |v No. 2014/003 
856 4 0 |z Full text available on IMF  |u http://elibrary.imf.org/view/journals/087/2014/003/087.2014.issue-003-en.xml  |z IMF e-Library